00769 a2200145 450000500170000000800410001704000480005804100080010611000430011424502350015726000680039230000340046060000550049465100740054920140903175032.0140218s2013 ck a gr 000 0 spa d aCO-BoUCMbspacJose A. GerenadHenry Ríos aspa aAcademía de historia de Cundinamarca00aTe deumben acción de gracias en el bicentenario de la independencia de Cundinamarca 1813 - Julio 16 - 2013 y homenaje a Don Antonio Nariño con quien se alcanzó el triunfo de las ideascAcademía de historia de Cundinamarca aBogota (Colombia)bAcademía de historia de Cundinamarcac2013 a[34] páginasbilustraciones14aNariño, Antoniod1765-1823xHomenajes póstumos 4aCundinamarca (Colombia : Departamento)xHistoriayIndependencia, 1813